000 00335nam a22001217a 4500
008 140326b xxu||||| |||| 00| 0 eng d
050 _aPZ3.G185 R6
100 _aGary, Romain
_99394
245 _aThe Roots of Heaven
_cRomain Gary
260 _aGreat Britain
_bPenguin Books
_c1958
300 _a363p. ;
_c18cm.
942 _2lcc
_cMONOGRAPH
999 _c120263
_d120263